The Mother of All Quizzes Stats

 Plays Quiz Updated Nov 7, 2018

Score 0/16 Timer 05:00
0 Plays Today
Hint Mother % Correct
Known as the 'Blessed Nun of Calcutta', she won the Nobel Peace Prize in 1979Mother Teresa
85.5%
Fictional author of many children's nursery rhymesMother Goose
84.1%
Affectionate name for the planet we call homeMother Earth
82.6%
ABBA musicalMamma Mia!
74.3%
Children's game and polite questionMother May I?
61.7%
She 'fetched her dog a bone' in a classic nursery rhymeOld Mother Hubbard
58.8%
CBS comedy featuring main character Ted MosbyHow I Met Your Mother
55.6%
Iridescent composite material found in the shells of some molluscsMother of Pearl
50.5%
Hint Mother % Correct
Head nunMother Superior
50.5%
Miner's payday and the famous Sims cheat code for extra cashMother Lode
47.3%
Faye Dunaway played Joan Crawford in this 1981 biographical film Mommie Dearest
41.6%
Non-profit organization that claims to have cut drunk driving incidents in half since its foundingMothers Against Drunk Driving
40.6%
Personification of the outside world and weather; Also a song by the TemptationsMother Nature
37.8%
1983 comedy film starring Michael Keaton as a stay at home dadMr. Mom
35%
Colloquial name for a telephone monopoly that was broken up in 1984Ma Bell
25.2%
Commonly used media buzz term for the US battle against Saddam HusseinThe Mother of all Wars
11.9%

You're not logged in!

Compare scores with friends on all Sporcle quizzes.
OR
Log In

Sporcle TV

Today on Sporcle TV


Watch our educational content, quiz creation guides, and fun videos on Sporcle TV.

Show Comments

Extras

Top Quizzes Today


Score Distribution

Your Account Isn't Verified!

In order to create a playlist on Sporcle, you need to verify the email address you used during registration. Go to your Sporcle Settings to finish the process.

Report this User

Report this user for behavior that violates our Community Guidelines.

Details: